[Event "World Open"]
[Site "Philadelphia, PA USA"]
[Date "1995.??.??"]
[Round "6"]
[White "Reprintsev, Alexander"]
[Black "Garcia, Gildardo"]
[Result "1-0"]
[WhiteElo "2370"]
[BlackElo "2520"]
[PlyCount "91"]
[EventDate "1995.06.??"]
[Source "www.chesslib.no"]
[SourceDate "2004.05.04"]

1. e4 e5 2. f4 Bc5 3. Nf3 d6 4. c3 Bg4 5. h3 Bxf3 6. Qxf3 Nf6 7. d3 Nc6 8. Nd2 a6 9. Nb3 Ba7 10. f5 d5 11. Bg5 Qd6 12. Bxf6 Qxf6 13. exd5 Ne7 14. O-O-O O-O-O 15. g4 Nxd5 16. Bg2 c6 17. Rhe1 Qh6+ 18. Kb1 Ne3 19. Rd2 Rhe8 20. Bh1 Nd5 21. Qg3 Be3 22. Rde2 Bf4 23. Qf3 Re7 24. d4 Rde8 25. Qd3 Qd6 26. dxe5 Rxe5 27. Rxe5 Rxe5 28. Rxe5 Qxe5 29. Bxd5 cxd5 30. a4 Kc7 31. Qd4 Qe4+ 32. Ka2 Be3 33. Qxg7 Qxa4+ 34. Kb1 Qxb3 35. Qxf7+ Kc6 36. Qe6+ Kc7 37. Qxe3 Qd1+ 38. Qc1 Qf3 39. Qe1 Qxh3 40. Qe5+ Kc6 41. Qe6+ Kc5 42. f6 Qd3+ 43. Ka2 Qc4+ 44. Ka3 Qf1 45. b4+ Kc4 46. Qc8+ 1-0

[Event "RUS-Cup06"]
[Site "Nizhnij Novgorod"]
[Date "1998.07.03"]
[Round "5"]
[White "Dubinsky, Roman"]
[Black "Karpatchev, Aleksandr"]
[Result "1-0"]
[WhiteElo "2320"]
[BlackElo "2570"]
[PlyCount "57"]
[EventDate "1998.06.29"]
[Source "www.chesslib.no"]
[SourceDate "2004.05.04"]

1. e4 e5 2. f4 Bc5 3. Nf3 d6 4. b4 Bxb4 5. c3 Bc5 6. d4 exd4 7. cxd4 Bb6 8. Bd3 Bg4 9. Bb2 d5 10. O-O Ne7 11. Nbd2 Nbc6 12. Nb3 O-O 13. Kh1 dxe4 14. Bxe4 Bf5 15. Re1 Qd6 16. a4 Bxe4 17. Rxe4 a5 18. Qe2 Nf5 19. g4 Nfe7 20. Ba3 Qd5 21. Nc5 f5 22. gxf5 Nxf5 23. Rd1 Nd6 24. Re3 Nc4 25. Re5 N6xe5 26. dxe5 Qf7 27. Ng5 Qxf4 28. Nce6 Qh4 29. Bxf8 1-0

[Event "Roses"]
[Site "Roses"]
[Date "1992.??.??"]
[Round "2"]
[White "Pablo Marin, Alejandro"]
[Black "Marin, Mihail"]
[Result "1/2-1/2"]
[WhiteElo "2365"]
[BlackElo "2525"]
[PlyCount "93"]
[EventDate "1992.09.??"]
[Source "www.chesslib.no"]
[SourceDate "2004.05.04"]

1. e4 e5 2. f4 Bc5 3. Nf3 d6 4. Nc3 Nf6 5. Bc4 Nc6 6. d3 Bg4 7. Na4 O-O 8. Nxc5 dxc5 9. O-O Nh5 10. h3 Bxf3 11. Qxf3 Nxf4 12. Bxf4 exf4 13. Qxf4 Qd4+ 14. Qf2 Qxf2+ 15. Kxf2 Ne5 16. Bb3 Rad8 17. Rad1 b5 18. Ke3 a5 19. c3 a4 20. Bc2 Rd6 21. b3 Rfd8 22. d4 cxd4+ 23. cxd4 Nc6 24. d5 Nb4 25. Bb1 a3 26. Rd4 c5 27. Rxb4 cxb4 28. Rc1 Rg6 29. g4 Rb6 30. Kd4 f6 31. Rc7 Kf8 32. Kc5 Rbb8 33. Bd3 Re8 34. Kc6 Rbd8 35. d6 Re5 36. Bxb5 Re6 37. Kc5 Rexd6 38. Kxb4 Rb8 39. Kc5 Re6 40. Bc6 Re7 41. Rxe7 Kxe7 42. b4 Kd8 43. b5 Kc7 44. g5 Rd8 45. b6+ Kb8 46. Bd5 Rc8+ 47. Bc6 1/2-1/2

[Event "Royan Open"]
[Site "Royan"]
[Date "1989.??.??"]
[Round "7"]
[White "Gallagher, Joseph G"]
[Black "Dzevlan, Miralem"]
[Result "1-0"]
[WhiteElo "2405"]
[BlackElo "2475"]
[PlyCount "43"]
[EventDate "1989.06.??"]
[Source "www.chesslib.no"]
[SourceDate "2004.05.04"]

1. e4 e5 2. f4 Bc5 3. Nf3 d6 4. c3 Nf6 5. d4 exd4 6. cxd4 Bb4+ 7. Bd2 Bxd2+ 8. Nbxd2 O-O 9. Bd3 Qe7 10. O-O Nd5 11. exd5 Qe3+ 12. Kh1 Qxd3 13. Rc1 Nd7 14. Nc4 Qe4 15. Ng5 Qxd5 16. Qd3 Nf6 17. Ne3 Qxa2 18. Ra1 Qxb2 19. Nd5 g6 20. Nxf6+ Kg7 21. Rab1 Qa2 22. d5 1-0

[Event "Cup"]
[Site "Tula"]
[Date "2004.11.24"]
[Round "8"]
[White "Zaitsev, Alexander"]
[Black "Afromeev, Vladimir"]
[Result "0-1"]
[WhiteElo "2329"]
[BlackElo "2547"]
[PlyCount "86"]
[EventDate "2004.11.16"]
[Source "Roberto Alvarez"]
[SourceDate "2004.12.13"]

1. e4 e5 2. f4 Bc5 3. Nf3 d6 4. Nc3 Nf6 5. Bc4 O-O 6. d3 exf4 7. Bxf4 Nc6 8. Na4 d5 9. Nxc5 dxc4 10. O-O Qe7 11. Na4 Bg4 12. Nc3 Rad8 13. Qd2 Bxf3 14. Rxf3 Nd4 15. Rff1 Rd7 16. Kh1 Ne6 17. Be5 Ng4 18. Bg3 cxd3 19. cxd3 Qg5 20. Qxg5 Nxg5 21. Rf5 f6 22. Ra5 a6 23. Rd5 Rff7 24. Ne2 c6 25. Rxd7 Rxd7 26. Nf4 h6 27. h4 Nf7 28. Rd1 f5 29. exf5 Nd6 30. Be1 Nxf5 31. Rc1 Nfe3 32. h5 Ne5 33. Bb4 Nxd3 34. Nxd3 Rxd3 35. Re1 Ng4 36. Kg1 Rd4 37. Bc3 Rd5 38. g3 Kf7 39. Re4 Nf6 40. Rb4 Rb5 41. Rf4 Rxh5 42. Rf2 c5 43. Kg2 b6 0-1

[Event "Politiken Cup"]
[Site "?"]
[Date "2005.07.24"]
[Round "10"]
[White "Hector Jonny"]
[Black "Hjelm Niclas"]
[Result "1-0"]
[WhiteElo "2534"]
[BlackElo "2333"]
[PlyCount "81"]
[EventDate "2005.??.??"]
[Source "www.chesslib.no"]
[SourceDate "2004.05.04"]

1. e4 e5 2. f4 Bc5 3. Nf3 d6 4. c3 Bb6 5. Na3 Nf6 6. d3 Ng4 7. d4 f5 8. h3 Nf6 9. exf5 exf4 10. Qe2+ Qe7 11. Qxe7+ Kxe7 12. Bd3 Nh5 13. O-O Rf8 14. Nh4 c5 15. Bxf4 Nxf4 16. Rae1+ Kd8 17. Rxf4 cxd4 18. Nc4 dxc3+ 19. Nxb6 axb6 20. bxc3 Rxa2 21. Rg4 g6 22. Rf1 gxf5 23. Bxf5 Nc6 24. Rg7 h5 25. Rh7 Ra3 26. Bxc8 Rxf1+ 27. Kxf1 Kxc8 28. Nf5 Ra1+ 29. Kf2 Ra2+ 30. Kg1 Rd2 31. Rxh5 b5 32. Rh7 Kb8 33. Rd7 d5 34. Kf1 Ne5 35. Rg7 Nd3 36. Nd6 b4 37. cxb4 d4 38. Nb5 Rf2+ 39. Kg1 Rf8 40. Nxd4 Nxb4 41. h4 1-0

[Event "Mitropa Cup"]
[Site "Leipzig"]
[Date "2002.05.07"]
[Round "5.4"]
[White "Sprenger, Jan Michael"]
[Black "Jirka, Jiri"]
[Result "1/2-1/2"]
[WhiteElo "2468"]
[BlackElo "2398"]
[PlyCount "89"]
[EventDate "2002.05.03"]
[Source "ChessBase"]
[SourceDate "2002.08.12"]

1. e4 e5 2. f4 Bc5 3. Nf3 d6 4. Nc3 Nf6 5. Bc4 Nc6 6. d3 a6 7. f5 Na5 8. Bg5 c6 9. Qe2 b5 10. Bb3 Nxb3 11. axb3 Ra7 12. Be3 Qb6 13. Bxc5 Qxc5 14. Qf2 Qxf2+ 15. Kxf2 g6 16. fxg6 hxg6 17. h3 Nh5 18. Rae1 Nf4 19. Ne2 Ne6 20. d4 f6 21. dxe5 dxe5 22. Rd1 Ke7 23. Ke3 Rc7 24. g4 Bb7 25. h4 c5 26. c3 c4 27. b4 Rd7 28. Rxd7+ Kxd7 29. g5 Ke7 30. gxf6+ Kxf6 31. Rf1 Rf8 32. Rf2 Ba8 33. Nh2+ Ke7 34. Rxf8 Nxf8 35. Ng4 Ke6 36. Ng1 Nd7 37. Nf3 Bb7 38. Ng5+ Ke7 39. Nf3 Ke6 40. Nd2 Nb6 41. b3 cxb3 42. Nxb3 Na4 43. Kd3 Kd6 44. Ne3 Bc8 45. Nd2 1/2-1/2

[Event "Ajelat, Libya"]
[Site "?"]
[Date "2003.03.28"]
[Round "?"]
[White "Short Nigel D"]
[Black "Haddouche Mohamed Amine"]
[Result "1-0"]
[WhiteElo "2690"]
[BlackElo "2173"]
[PlyCount "45"]
[EventDate "2003.??.??"]
[Source "www.chesslib.no"]
[SourceDate "2004.05.04"]

1. e4 e5 2. f4 Bc5 3. Nf3 d6 4. Nc3 Nf6 5. Bc4 Nc6 6. d3 a6 7. f5 Na5 8. Bg5 c6 9. a3 Nxc4 10. dxc4 Qe7 11. Qd3 b5 12. b4 Ba7 13. Rd1 Bb8 14. O-O O-O 15. Kh1 Bb7 16. Nd2 Bc7 17. Qh3 Rad8 18. Rf3 bxc4 19. Rg3 d5 20. Qh4 Rd6 21. Nxc4 Rfd8 22. Nxd6 Rxd6 23. Rh3 1-0

[Event "URS-FL"]
[Site "Kursk"]
[Date "1987.??.??"]
[Round "?"]
[White "Yakovich, Yuri"]
[Black "Shabanov, Yuri"]
[Result "1/2-1/2"]
[WhiteElo "2450"]
[BlackElo "2410"]
[PlyCount "91"]
[EventDate "1987.??.??"]
[Source "www.chesslib.no"]
[SourceDate "2004.05.04"]

1. e4 e5 2. f4 Bc5 3. Nf3 d6 4. Nc3 Nc6 5. Bb5 Bg4 6. fxe5 dxe5 7. Bxc6+ bxc6 8. d3 Qd6 9. h3 Bd7 10. Qe2 Ne7 11. Be3 Rb8 12. Bxc5 Qxc5 13. Nd1 f6 14. Qf2 Qxf2+ 15. Kxf2 c5 16. b3 Nc6 17. Ne3 Be6 18. Rhf1 Ke7 19. Nd2 Rhd8 20. Kg1 Nd4 21. Rf2 Rb6 22. Raf1 Ra6 23. a4 Rad6 24. g4 Nxc2 25. Nxc2 Rxd3 26. Nf3 Bxb3 27. Re2 Bxa4 28. Ne3 Bd1 29. Nxd1 Rxd1 30. Ra2 c4 31. Rxa7 R8d3 32. Rxd1 Rxd1+ 33. Kf2 Kd6 34. Ke2 Rh1 35. h4 c3 36. Ra2 Kc5 37. Kd3 Rh3 38. Rf2 Kb4 39. Kc2 Kc4 40. g5 Rh1 41. gxf6 gxf6 42. Nh2 Re1 43. Nf1 Rxe4 44. Rxf6 Re2+ 45. Kd1 Ra2 46. Rf7 1/2-1/2

[Event "Skei"]
[Site "Skei"]
[Date "1995.??.??"]
[Round "1"]
[White "Westerinen, Heikki M J"]
[Black "Kristensen, Bjarke"]
[Result "1/2-1/2"]
[WhiteElo "2405"]
[BlackElo "2455"]
[PlyCount "45"]
[EventDate "1995.??.??"]
[Source "www.chesslib.no"]
[SourceDate "2004.05.04"]

1. e4 e5 2. f4 Bc5 3. Nf3 d6 4. c3 Bb6 5. d4 exd4 6. cxd4 Nf6 7. e5 Ne4 8. Nc3 d5 9. Be3 O-O 10. Qc2 Nc6 11. a3 Be6 12. Bd3 f5 13. exf6 Qxf6 14. O-O-O Bxd4 15. Nxd4 Nxd4 16. Bxd4 Qxd4 17. Rhe1 Qb6 18. Nxe4 dxe4 19. Rxe4 Kh8 20. Rb4 Qe3+ 21. Qd2 Qc5+ 22. Qc2 Qe3+ 23. Qd2 1/2-1/2

[Event "FIN Team Ch 9596"]
[Site "Finland"]
[Date "1996.??.??"]
[Round "2"]
[White "Westerinen, Heikki M J"]
[Black "Sepp, Olav"]
[Result "1-0"]
[WhiteElo "2410"]
[BlackElo "2440"]
[PlyCount "113"]
[EventDate "1995.??.??"]
[Source "www.chesslib.no"]
[SourceDate "2004.05.04"]

1. e4 e5 2. f4 Bc5 3. Nf3 d6 4. c3 Nf6 5. d4 exd4 6. cxd4 Bb6 7. e5 dxe5 8. fxe5 Nd5 9. Bg5 Qd7 10. Nc3 h6 11. Bd2 Nc6 12. Bb5 a6 13. Ba4 O-O 14. Rc1 Nde7 15. Be3 Nf5 16. Bxc6 bxc6 17. Bf2 Rd8 18. Ne2 Ba5+ 19. Nc3 Bb6 20. Ne2 Qd5 21. Qa4 Qb5 22. Qxb5 cxb5 23. O-O Bb7 24. Rfd1 Rd7 25. Nh4 Nxh4 26. Bxh4 g5 27. Bf2 Rad8 28. Ng3 Kh7 29. Nh5 Kg6 30. Nf6 Re7 31. h4 gxh4 32. Kh2 Re6 33. Kh3 Rc6 34. Rxc6 Bxc6 35. Kxh4 Bb7 36. g4 Bf3 37. Rd3 Be2 38. Rd2 Bc4 39. b3 Bd5 40. Be3 a5 41. Kg3 Be6 42. Kf3 c6 43. Rh2 Bxd4 44. Rxh6+ Kg7 45. Nh5+ Kg8 46. Bg5 f6 47. Rg6+ Kh7 48. Rg7+ Kh8 49. Bxf6 Bd5+ 50. Kg3 Rf8 51. g5 Be4 52. Rd7+ Rxf6 53. exf6 Be5+ 54. Kg4 Bb1 55. f7 Bg7 56. Rd8+ Kh7 57. Rg8 1-0

[Event "OL0203 Kuppenheim-Bad Mergentheim"]
[Site "?"]
[Date "2002.10.20"]
[Round "1.2"]
[White "Metz Hartmut"]
[Black "Karpatchev Aleksandr"]
[Result "1-0"]
[WhiteElo "2351"]
[BlackElo "2489"]
[PlyCount "91"]
[EventDate "2002.??.??"]
[Source "www.chesslib.no"]
[SourceDate "2004.05.04"]

1. e4 e5 2. f4 Bc5 3. Nf3 d6 4. Nc3 Nc6 5. Bb5 Nge7 6. Na4 O-O 7. Nxc5 dxc5 8. f5 Nd4 9. Bc4 b5 10. Be2 Nec6 11. a4 b4 12. O-O c4 13. Rf2 Ba6 14. Bf1 f6 15. b3 Na5 16. Rb1 c5 17. d3 cxb3 18. cxb3 Nxf3+ 19. Qxf3 Nc6 20. Be3 Nd4 21. Qd1 Qe7 22. g4 Rad8 23. h4 Rd7 24. g5 Qf7 25. Rg2 fxg5 26. Rxg5 Rd6 27. Rb2 Kh8 28. Rg3 Rg8 29. h5 Bb7 30. Bg5 a5 31. Bh3 Bc6 32. Bg4 Be8 33. Qb1 h6 34. Be3 Qf6 35. Rh2 Bf7 36. Bd1 Qe7 37. Qb2 Rf6 38. Rg6 Rd8 39. Qc1 Bxg6 40. hxg6 Kg8 41. Qc4+ Kf8 42. Bg5 Rxg6 43. fxg6 Qxg5+ 44. Rg2 Qe7 45. Rf2+ Ke8 46. Bg4 1-0

[Event "Open"]
[Site "Olomouc"]
[Date "2003.08.06"]
[Round "8"]
[White "Simacek, Pavel"]
[Black "Johansson, Jan"]
[Result "1-0"]
[WhiteElo "2437"]
[BlackElo "2396"]
[PlyCount "79"]
[EventDate "2003.07.30"]
[Source "Roberto Alvarez"]
[SourceDate "2003.08.11"]

1. e4 e5 2. f4 Bc5 3. Nf3 d6 4. c3 Bg4 5. fxe5 dxe5 6. Bc4 Nc6 7. b4 Bd6 8. O-O Nf6 9. d3 a5 10. b5 Nb8 11. d4 Nbd7 12. Be3 Qe7 13. Nbd2 O-O 14. Bd3 Rfc8 15. Qe1 c6 16. bxc6 Rxc6 17. Bb5 Rxc3 18. Nc4 Bb4 19. Bd2 exd4 20. a3 Bc5 21. Bxc3 dxc3+ 22. Kh1 Bxf3 23. gxf3 Ne5 24. Qxc3 Nxc4 25. Bxc4 Rd8 26. e5 Nh5 27. Rad1 Rc8 28. f4 g6 29. e6 fxe6 30. Qe5 Ng7 31. f5 gxf5 32. Rxf5 b5 33. Rg5 Qb7+ 34. Bd5 exd5 35. Rxg7+ Qxg7 36. Qe6+ Kh8 37. Qxc8+ Bf8 38. Rf1 Kg8 39. Qe6+ Kh8 40. Rg1 1-0

[Event "Portoroz Open"]
[Site "Portoroz SLO"]
[Date "1994.??.??"]
[Round "?"]
[White "Mohr, Georg"]
[Black "Gostisa, Leon"]
[Result "1/2-1/2"]
[WhiteElo "2420"]
[BlackElo "2410"]
[PlyCount "33"]
[EventDate "1994.04.??"]
[Source "www.chesslib.no"]
[SourceDate "2004.05.04"]

1. e4 e5 2. f4 Bc5 3. Nf3 d6 4. c3 Nf6 5. d4 Bb6 6. fxe5 dxe5 7. Nxe5 O-O 8. Bc4 Qe8 9. Be3 Nxe4 10. Qf3 Nd6 11. Nd2 Nd7 12. Nxd7 Bxd7 13. O-O Nxc4 14. Nxc4 Bb5 15. Nxb6 axb6 16. Rfe1 Qd7 17. Bf4 1/2-1/2

[Event "Troll Masters"]
[Site "Gausdal"]
[Date "1996.??.??"]
[Round "3"]
[White "Westerinen, Heikki MJ"]
[Black "Lejlic, Samir"]
[Result "1/2-1/2"]
[WhiteElo "2410"]
[BlackElo "2420"]
[PlyCount "68"]
[EventDate "1996.??.??"]
[Source "ChessBase"]

1. e4 e5 2. f4 Bc5 3. Nf3 d6 4. c3 Nf6 5. d4 exd4 6. cxd4 Bb4+ 7. Bd2 Bxd2+ 8. Nbxd2 O-O 9. Bd3 c5 10. d5 Qe7 11. Qe2 Re8 12. O-O Nxd5 13. exd5 Qxe2 14. Bxe2 Rxe2 15. Rae1 Rxe1 16. Rxe1 Nd7 17. Ne4 b6 18. Nxd6 Nf6 19. Ng5 Ba6 20. Ngxf7 Nxd5 21. g3 Rf8 22. Re5 Nb4 23. Re7 Nxa2 24. Rxa7 Nb4 25. Ng5 Bc8 26. Rc7 Bg4 27. h3 Nd5 28. Rb7 Bc8 29. Nxc8 Rxc8 30. Ne6 g6 31. Ng5 Re8 32. Rd7 Nb4 33. Nxh7 Re3 34. Nf6+ Kf8 1/2-1/2

[Event "Tuzla"]
[Site "Tuzla"]
[Date "1991.??.??"]
[Round "4"]
[White "Palos, Osman"]
[Black "Blagojevic, Dragisa"]
[Result "1-0"]
[WhiteElo "2400"]
[BlackElo "2425"]
[PlyCount "70"]
[EventDate "1991.??.??"]
[Source "www.chesslib.no"]
[SourceDate "2004.05.04"]

1. e4 e5 2. f4 Bc5 3. Nf3 d6 4. Nc3 Nf6 5. Bc4 Nc6 6. d3 Bg4 7. Bb5 Nd7 8. Bxc6 bxc6 9. h3 Bxf3 10. Qxf3 O-O 11. f5 f6 12. g4 d5 13. exd5 e4 14. dxe4 Ne5 15. Qg3 cxd5 16. Bf4 dxe4 17. Bxe5 fxe5 18. Nxe4 Be7 19. Qd3 Bh4+ 20. Ke2 Qe7 21. c3 g6 22. Rhf1 gxf5 23. Rxf5 Rxf5 24. gxf5 Qf7 25. b3 Kh8 26. Qf3 Rf8 27. Rd1 a5 28. f6 a4 29. Qf5 axb3 30. Rd7 Qg8 31. axb3 Rf7 32. Rxf7 Qxf7 33. Qxe5 h6 34. c4 Kg8 35. Qf5 Bg5 1-0

[Event "FIN Ch"]
[Site "Helsinki FIN"]
[Date "1992.??.??"]
[Round "5"]
[White "Westerinen, Heikki M J"]
[Black "Norri, Joose"]
[Result "1/2-1/2"]
[WhiteElo "2430"]
[BlackElo "2395"]
[PlyCount "42"]
[EventDate "1992.??.??"]
[Source "www.chesslib.no"]
[SourceDate "2004.05.04"]

1. e4 e5 2. f4 Bc5 3. Nf3 d6 4. c3 f5 5. fxe5 dxe5 6. d4 exd4 7. Bc4 fxe4 8. Ng5 Nf6 9. Nf7 Qe7 10. Nxh8 d3 11. Bg5 Bg4 12. Qxg4 Nxg4 13. Bxe7 Bf2+ 14. Kf1 Kxe7 15. h3 Ne3+ 16. Kxf2 Nxc4 17. Re1 e3+ 18. Rxe3+ Nxe3 19. Kxe3 Nc6 20. Kxd3 Rd8+ 21. Ke2 Rxh8 1/2-1/2

[Event "Lone Pine op"]
[Site "Lone Pine"]
[Date "1979.??.??"]
[Round "2"]
[White "Day, Lawrence A"]
[Black "Bisguier, Arthur Bernard"]
[Result "0-1"]
[WhiteElo "2375"]
[BlackElo "2445"]
[PlyCount "252"]
[EventDate "1979.03.??"]
[Source "ChessBase"]

1. e4 e5 2. f4 Bc5 3. Nf3 d6 4. fxe5 dxe5 5. c3 Nf6 6. Nxe5 O-O 7. d4 Bd6 8. Nf3 Nxe4 9. Bd3 Bf5 10. O-O Bg6 11. Qc2 Re8 12. Nbd2 Nf6 13. Bxg6 hxg6 14. Nc4 Nc6 15. Bg5 Qd7 16. Bxf6 gxf6 17. Nxd6 Qxd6 18. Rae1 Qd7 19. Nd2 f5 20. Nf3 Rxe1 21. Rxe1 Re8 22. Rxe8+ Qxe8 23. Kf2 Kg7 24. Qe2 Qxe2+ 25. Kxe2 Kf6 26. Ke3 g5 27. g3 Ne7 28. h4 f4+ 29. gxf4 Nf5+ 30. Kf2 gxh4 31. d5 h3 32. c4 Nd6 33. Nd2 Kf5 34. c5 Ne8 35. Kg3 Nf6 36. d6 cxd6 37. cxd6 h2 38. Kxh2 Kxf4 39. Nc4 b6 40. a4 Ke4 41. a5 bxa5 42. Nxa5 Kd5 43. Nb7 Nd7 44. Kg3 f6 45. Kf4 Kc6 46. Na5+ Kxd6 47. Kf5 a6 48. Nb3 Kd5 49. Nc1 a5 50. Nb3 a4 51. Nc1 Kd4 52. Ke6 Ke3 53. b4 Kd2 54. Kxd7 Kxc1 55. b5 a3 56. b6 a2 57. b7 a1=Q 58. b8=Q Qe5 59. Qd6 Kc2 60. Qe6 Kd3 61. Qh3+ Kd4 62. Qh4+ Kd5 63. Qh1+ Qe4 64. Qd1+ Ke5 65. Ke7 Qb7+ 66. Kf8 f5 67. Qe1+ Qe4 68. Qa1+ Kf4 69. Qf1+ Qf3 70. Qc1+ Kg4 71. Kg7 f4 72. Kf6 Qe3 73. Qc8+ Kg3 74. Qc7 Qd4+ 75. Kf5 Qd5+ 76. Kf6 Qb5 77. Kg6 Qe8+ 78. Kg5 Qg8+ 79. Kf5 Qg4+ 80. Ke4 Qe6+ 81. Kd4 Qe3+ 82. Kd5 Kf2 83. Qc2+ Qe2 84. Qh7 Qd2+ 85. Ke5 Qe3+ 86. Kd5 f3 87. Kc6 Qc3+ 88. Kb7 Qb4+ 89. Ka8 Ke1 90. Qh1+ Ke2 91. Qh5 Qe4+ 92. Ka7 Ke1 93. Qa5+ Kf1 94. Qa1+ Qe1 95. Qa6+ Kg2 96. Qc6 Qe3+ 97. Ka8 Qd3 98. Qb7 Qd8+ 99. Ka7 Qa5+ 100. Kb8 Qe5+ 101. Ka8 Qf6 102. Qd5 Kh2 103. Qh5+ Kg3 104. Qb5 f2 105. Qb8+ Qf4 106. Qg8+ Qg4 107. Qb8+ Kg2 108. Qb2 Qg8+ 109. Ka7 Qf7+ 110. Ka8 Qf8+ 111. Ka7 Kg3 112. Qe5+ Kg4 113. Qe4+ Kg5 114. Qg2+ Kh6 115. Qh3+ Kg7 116. Qf1 Qf7+ 117. Ka8 Kf8 118. Kb8 Qe8+ 119. Kc7 Qe1 120. Qh3 Qe7+ 121. Kc8 Qe8+ 122. Kc7 Qf7+ 123. Kd8 Qf6+ 124. Kd7 f1=Q 125. Qa3+ Kg8 126. Qa8+ Kg7 0-1

[Event "VAM Hoogeveen op"]
[Site "Wijk aan Zee"]
[Date "1998.10.23"]
[Round "8"]
[White "Jonkman, Harmen"]
[Black "Garcia, Gildardo"]
[Result "0-1"]
[WhiteElo "2310"]
[BlackElo "2510"]
[PlyCount "42"]
[EventDate "1998.09.??"]
[Source "www.chesslib.no"]
[SourceDate "2004.05.04"]

1. e4 e5 2. f4 Bc5 3. Nf3 d6 4. Nc3 Nc6 5. Bb5 Bg4 6. d3 Nge7 7. Na4 O-O 8. c3 exf4 9. Bxf4 f5 10. Qb3+ Kh8 11. Ng5 Ng6 12. Ne6 Qh4+ 13. g3 Qh3 14. d4 Qg2 15. Rf1 Rae8 16. Rf2 Qxe4+ 17. Kd2 Na5 18. Qc2 Qxe6 19. dxc5 Nxf4 20. Bxe8 Nc4+ 21. Kc1 Qe1+ 0-1

[Event "Bad Zwesten GER"]
[Site "?"]
[Date "2001.01.04"]
[Round "5"]
[White "Naumann Alexander"]
[Black "Schlehoefer Ralf"]
[Result "1-0"]
[WhiteElo "2478"]
[BlackElo "2337"]
[PlyCount "57"]
[EventDate "2001.??.??"]
[Source "www.chesslib.no"]
[SourceDate "2004.05.04"]

1. e4 e5 2. f4 Bc5 3. Nf3 d6 4. Bc4 Nf6 5. Nc3 Nc6 6. d3 a6 7. f5 Nd4 8. Nxd4 Bxd4 9. Qf3 c6 10. Ne2 d5 11. Bb3 dxe4 12. dxe4 Bc5 13. Bd2 a5 14. a4 b6 15. O-O-O Qe7 16. g4 Ba6 17. g5 Nd7 18. Ng3 O-O-O 19. f6 gxf6 20. Nf5 Qf8 21. gxf6 h6 22. Be3 Nxf6 23. Rxd8+ Kxd8 24. Rd1+ Kc7 25. Bxc5 bxc5 26. Qc3 Kb6 27. Bc4 Bc8 28. Nd6 Bg4 29. Qb3+ 1-0

[Event "Corr"]
[Site "?"]
[Date "1999.??.??"]
[Round "11"]
[White "Kunzmann Hector AT"]
[Black "Dadi Daniel"]
[Result "1-0"]
[WhiteElo "2450"]
[BlackElo "2365"]
[PlyCount "71"]
[EventDate "1999.??.??"]
[Source "www.chesslib.no"]
[SourceDate "2004.05.04"]

1. e4 e5 2. f4 Bc5 3. Nf3 d6 4. Nc3 Nf6 5. Bc4 Nc6 6. d3 Bg4 7. Na4 Bb4+ 8. c3 Ba5 9. b4 Bb6 10. Nxb6 axb6 11. Qb3 O-O 12. O-O Bxf3 13. Rxf3 b5 14. Bxb5 Na7 15. Bc4 b5 16. Bd5 c6 17. Be6 fxe6 18. Qxe6+ Rf7 19. fxe5 dxe5 20. Qxe5 Qd7 21. Bg5 Re8 22. Qf5 Qxf5 23. Rxf5 Ng4 24. Rxf7 Kxf7 25. a4 bxa4 26. c4 Ne5 27. Rxa4 Nc8 28. Ra3 Ke6 29. Kf1 h6 30. Bd2 Ne7 31. Ke2 Rb8 32. h4 h5 33. g3 Rb7 34. Bc3 N7g6 35. Ra5 Kd6 36. b5 1-0

[Event "It (Open) New Delhi IND"]
[Site "?"]
[Date "2006.01.21"]
[Round "9.14"]
[White "Deshmukh Anup"]
[Black "Vijayalakshmi Subbaraman"]
[Result "0-1"]
[WhiteElo "2335"]
[BlackElo "2479"]
[PlyCount "60"]
[EventDate "2006.??.??"]
[Source "www.chesslib.no"]
[SourceDate "2004.05.04"]

1. e4 e5 2. f4 Bc5 3. Nc3 d6 4. f5 g6 5. Bc4 Bxg1 6. Rxg1 Qh4+ 7. g3 Qxh2 8. Ne2 gxf5 9. d4 Nc6 10. Be3 Nf6 11. Bd5 fxe4 12. Bxc6+ bxc6 13. dxe5 Ng4 14. Qd4 Nxe5 15. Qxe4 Bg4 16. Bd4 f5 17. Qg2 Nf3+ 18. Kf2 Qxg2+ 19. Rxg2 O-O 20. Bc3 Rae8 21. Nf4 Re4 22. a4 h5 23. a5 h4 24. Rh1 Rfe8 25. a6 h3 26. Rxh3 Bxh3 27. Nxh3 Ne5 28. Rg1 Ng4+ 29. Kg2 Re2+ 30. Kf3 R8e4 0-1

[Event "Saint John op-1"]
[Site "Saint John"]
[Date "1988.??.??"]
[Round "?"]
[White "Day, Lawrence A"]
[Black "Fishbein, Alexander"]
[Result "0-1"]
[WhiteElo "2375"]
[BlackElo "2435"]
[PlyCount "90"]
[EventDate "1988.01.??"]
[Source "ChessBase"]

1. e4 e5 2. f4 Bc5 3. Nf3 d6 4. c3 Nf6 5. d4 Bb6 6. Bd3 O-O 7. Nbd2 exd4 8. c4 Nbd7 9. b4 a5 10. c5 dxc5 11. b5 Re8 12. O-O c4 13. Bxc4 Nc5 14. Ng5 Be6 15. Nxe6 Nxe6 16. Qf3 d3+ 17. Kh1 Qd4 18. Rb1 Qe3 19. e5 Qxf3 20. Rxf3 Ng4 21. h3 Ne3 22. Bxd3 Rad8 23. Be4 Nd1 24. Bxb7 Nd4 25. Ra3 Nf2+ 26. Kh2 Ne2 27. Bc6 Rf8 28. Nc4 Rd1 29. g4 Rxc1 30. Rxc1 Nxc1 31. Nxa5 Ncd3 32. Kg3 h6 33. Nc4 Bc5 34. Rc3 Rd8 35. a4 Nd1 36. Rb3 Nc1 37. Rf3 Ne2+ 38. Kh2 Rd4 39. Na5 Bb6 40. Nb3 Rxa4 41. f5 Ra2 42. Kh1 Ng3+ 43. Rxg3 Nf2+ 44. Kg2 Ne4+ 45. Kh1 Nxg3# 0-1

[Event "Jyvaskyla We JyS"]
[Site "Jyvaskyla"]
[Date "1998.??.??"]
[Round "4"]
[White "Westerinen, Heikki MJ"]
[Black "Sepp, Olav"]
[Result "1-0"]
[WhiteElo "2410"]
[BlackElo "2400"]
[PlyCount "81"]
[EventDate "1998.??.??"]
[Source "www.chesslib.no"]
[SourceDate "2004.05.04"]

1. e4 e5 2. f4 Bc5 3. Nf3 d6 4. b4 Bxb4 5. c3 Bc5 6. d4 exd4 7. cxd4 Bb6 8. Bb2 d5 9. e5 Ne7 10. Nbd2 Nbc6 11. Bd3 Nf5 12. Nb3 a5 13. Rc1 Nb4 14. Bb1 Ne3 15. Qe2 Nc4 16. f5 Qe7 17. O-O Nc6 18. Rxc4 dxc4 19. Qxc4 Qb4 20. Qc1 a4 21. Ba3 Qb5 22. Nc5 Bxc5 23. Bxc5 b6 24. Ba3 Ba6 25. Be4 Bb7 26. Qg5 f6 27. exf6 O-O-O 28. fxg7 Rhe8 29. f6 Qc4 30. Rc1 Qxa2 31. Bf8 Rxf8 32. gxf8=Q Rxf8 33. Bxc6 Bxc6 34. Rxc6 Kb7 35. Qc1 Rc8 36. h3 Qd5 37. Rc4 a3 38. Ra4 a2 39. Qa3 Rg8 40. Qxa2 Qxf3 41. Ra7+ 1-0

[Event "BL2-Sued 9900"]
[Site "Germany"]
[Date "2000.02.20"]
[Round "6.3"]
[White "Schlindwein, Rolf"]
[Black "Sick, Oliver"]
[Result "1-0"]
[WhiteElo "2447"]
[BlackElo "2362"]
[PlyCount "75"]
[EventDate "1999.10.??"]
[Source "ChessBase"]
[SourceDate "2000.05.11"]

1. e4 e5 2. f4 Bc5 3. Nf3 d6 4. c3 Bg4 5. fxe5 dxe5 6. Qa4+ Bd7 7. Qc2 Nc6 8. b4 Bd6 9. Bc4 Nf6 10. d3 O-O 11. O-O b5 12. Bb3 a5 13. Bg5 axb4 14. d4 Be7 15. Bxf6 Bxf6 16. d5 Ne7 17. cxb4 Ng6 18. Nc3 Be7 19. a3 Bd6 20. Rfc1 Nh4 21. Nxh4 Qxh4 22. Qe2 f5 23. exf5 Rxf5 24. Ne4 Raf8 25. g3 Qe7 26. Rxc7 Rf3 27. Rc3 Rxc3 28. Nxc3 Rb8 29. Ne4 Kh8 30. Bc2 Rf8 31. Bd3 h6 32. Rf1 Bh3 33. Rxf8+ Qxf8 34. Nf2 Bc8 35. Qe4 Kg8 36. Qh7+ Kf7 37. Bf5 Qd8 38. Qg6+ 1-0

[Event "3. IM"]
[Site "?"]
[Date "2003.01.31"]
[Round "3"]
[White "Grabarczyk Bogdan"]
[Black "Jirka Jiri"]
[Result "0-1"]
[WhiteElo "2439"]
[BlackElo "2370"]
[PlyCount "96"]
[EventDate "2003.??.??"]
[Source "www.chesslib.no"]
[SourceDate "2004.05.04"]

1. e4 e5 2. f4 Bc5 3. Nf3 d6 4. Nc3 Nf6 5. Bc4 Nc6 6. d3 Ng4 7. Ng5 O-O 8. f5 Bf2+ 9. Kf1 Ne3+ 10. Bxe3 Bxe3 11. h4 g6 12. Nxf7 Rxf7 13. Qf3 Bf4 14. g3 d5 15. Bxd5 Nd4 16. Qf2 Bh6 17. Bxf7+ Kxf7 18. g4 gxf5 19. gxf5 Bd7 20. Rg1 c6 21. Nd1 c5 22. c3 Bb5 23. Rg3 Nc6 24. Qf3 Qf6 25. Nf2 Rd8 26. c4 Bf4 27. Qh5+ Kf8 28. Rg2 Ba6 29. Qxh7 Qf7 30. Qg6 Qxg6 31. Rxg6 Kf7 32. Kg2 Ne7 33. Rg4 b5 34. b3 Bb7 35. Kf3 Nxf5 36. Rag1 Nd4+ 37. Kg2 bxc4 38. bxc4 Bc8 39. Kf1 Bxg4 40. Nxg4 Nf3 41. Rg2 Nxh4 42. Rb2 Rxd3 43. Rb7+ Kg6 44. Rxa7 Rd1+ 45. Ke2 Rd2+ 46. Kf1 Kg5 47. Rg7+ Ng6 48. Nf2 Be3 0-1